Stations of Keihan Electric Railway, Osaka, Japan - Statistics

General Stats
  • This quiz has been taken 47 times
  • The average score is 40 of 91
Answer Stats
Line Stations % Correct
Demachiyanagi
89%
Yodo
89%
Hirakata Shi
86%
Katano Line Hirakata Shi
86%
Kyobashi
84%
Neyagawashi
84%
Uji
84%
Keihan Main Line Yodoyabashi
84%
Gion Shijo
78%
Nakanoshima Line Nakanoshima
78%
Oto Line Sanjo
78%
Shichijo
78%
Moriguchi Shi
76%
Chushojima
70%
Uji Line Chushojima
70%
Hirakata Koen
70%
Kitahama
70%
Kuzuha
70%
Tambaba Shi
70%
Kiyomizu Gojo
65%
Temmabashi
65%
Temmabashi
65%
Korien
62%
Fushimi Inari
59%
Kadoma Shi
59%
Sekime
59%
Katano Shi
57%
Kisaichi
57%
Tofukuji
57%
Gotenyama
54%
Noe
54%
Hashimoto
51%
Kayashima
51%
Yawata Shi
51%
Doi
49%
Jingu Marutamachi
49%
Takii
49%
Toba Kaido
49%
Watanabebashi
49%
Fujinomori
46%
Fushimi Momoyama
46%
Makino
46%
Morishoji
46%
Oebashi
46%
Rokujizo
46%
Sembayashi
46%
Sakamoto
43%
Furukawabashi
41%
Hamaotsu
41%
Hamaotsu
41%
Keihan Yamashina
41%
Kozenji
41%
Naniwabashi
41%
Owada
41%
Fukakusa
38%
Ishiyama Sakamoto Line Ishiyamadera
38%
Sumizome
38%
Nishi Sanso
35%
Otani
35%
Kawachi Mori
32%
Kowata
32%
Miyanosaka
32%
Hoshigaoka
30%
Kangetsukyo
30%
Kozu
30%
Keishin Line Misasagi
30%
Obaku
30%
Mimurodo
27%
Momoyama Minamiguchi
27%
Murano
27%
Shinomiya
27%
Keihan Ishiyama
22%
Keihan Zeze
19%
Kamisakaemachi
14%
Miidera
14%
Oiwake
14%
Omijingumae
14%
Ishiba
11%
Karahashimae
11%
Minami Shiga
11%
Nishiki
11%
Kawaragahama
8%
Ojiyama
8%
Shimanoseki
8%
Zeze Hommachi
8%
Ano
5%
Awazu
5%
Bessho
5%
Matsunobamba
5%
Nakanosho
5%
Shigasato
5%
No matching quizzes found
Score Distribution
Percent of People with Each Score
Percentile by Number Answered
Your Score History
You have not taken this quiz